000 00574nam a2200217 a 4500
001 0001-2085
003 ELIB.Books
008 190722 2010 eng
020 _a13: 9781570756368
092 _a270.082
_bRes
100 _aRess, Mary Judith.
245 _aEcofeminism in Latin America
260 _aNew York
_bOrbis Books
_c2006
300 _a243
_c21cm
650 _aEcofeminism- Religious Aspects
856 _nKBTS Library
_uKBTS Elib
942 _2ddc
_cBK
990 _a4
998 _aEnglishbooks.elf
_ccat
_e2019-07-22
999 _c12085
_d12085